| 000 | 00818nam a2200253 a 4500 | ||
|---|---|---|---|
| 005 | 20240831063751.0 | ||
| 008 | 121022s2005 es r 000 0 spa d | ||
| 020 | _a8426359361 | ||
| 035 | _aUPN01000187839 | ||
| 049 | _aI | ||
| 050 | 4 |
_aPZ74 _bA5.7 |
|
| 100 | 1 |
_aAntón, Rocío, _d1964- _932773 |
|
| 245 | 1 | 0 |
_aRita, el hada desordenada / _cRocío Antón, Lola Núñez ; il. Claudia Ranucci. |
| 260 |
_aZaragoza, Esp. : _bEdelvives, _cc2005. |
||
| 300 |
_a29 p. : _bprincipalmente il. col. + _e6 tarjetas en una hoja plegada |
||
| 440 | 0 |
_aBuenos de cuento ; _v3 |
|
| 650 | 0 |
_aCuentos de hadas _95259 |
|
| 650 | 4 |
_aCuentos infantiles españoles _97725 |
|
| 700 | 1 |
_aNúñez, Lola, _d1961- _ecoaut. _932774 |
|
| 700 | 1 |
_aRanucci, Claudia, _eil. |
|
| 905 | _aInfantil | ||
| 999 |
_c159942 _d159942 |
||